000 00620nam a22001810 4500
003 PILC
005 20150826093411.0
008 970417
050 _aBL 1900
_b.M575 1965
100 1 _aMerton, Thomas,
_d1915-1968.
245 1 4 _aThe way of Chuang Tzu /
_cThomas Merton.
260 _aNew York :
_bNew Directions,
_c1965.
300 _a159 pages :
_billustrations ;
_c18 cm.
500 _aFree renderings of selectios from the works of Chuang Tzu, taken from various translations.
500 _aIncludes bibliographical references.
650 _aMerton, Thomas, 1915-
942 _2lcc
_cBK
999 _c288499
_d288499